|
|
|
|
| LEADER |
01357nam a2200349 a 4500 |
| 001 |
000557678 |
| 003 |
CZ BrMZK |
| 005 |
20091030162530.0 |
| 007 |
ta |
| 008 |
000115s2001 xr e p cze d |
| 015 |
|
|
|a cnb000994460
|
| 020 |
|
|
|a 80-7082-710-6
|
| 035 |
|
|
|a (OCoLC)47950408
|
| 040 |
|
|
|a BOA001
|b cze
|
| 072 |
|
7 |
|a 621
|x Strojírenství
|2 Konspekt
|9 19
|
| 072 |
|
7 |
|a 37.016
|x Učební osnovy. Vyučovací předměty. Učebnice
|2 Konspekt
|9 22
|
| 080 |
|
|
|a 621.9.06
|2 MRF
|
| 080 |
|
|
|a (075.8)
|2 MRF
|
| 100 |
1 |
|
|a Kubíček, Josef,
|d 1937-2015
|7 ola2002113805
|4 aut
|
| 245 |
1 |
0 |
|a Základy stavby výrobních strojů :
|b obráběcí stroje /
|c Josef Kubíček
|
| 250 |
|
|
|a 1. vyd.
|
| 260 |
|
|
|a Plzeň :
|b Západočeská univerzita,
|c 2001
|
| 300 |
|
|
|a 159 s. :
|b il. ;
|c 20 cm
|
| 504 |
|
|
|a Bibliografie na s. 159
|
| 521 |
|
|
|a Pro studenty 3. ročníku FST
|
| 650 |
0 |
7 |
|a obráběcí stroje
|7 ph123612
|2 czenas
|
| 655 |
|
7 |
|a učebnice vysokých škol
|7 fd133772
|2 czenas
|
| 910 |
|
|
|a BOA001
|b 2-1084.079
|
| 990 |
|
|
|a BK
|
| 996 |
6 |
|
|b 2610133316
|c 2-1084.079
|l MZK
|r Sklad / do 1 hodiny
|n 1
|p p.v.
|w 000557678
|u 000010
|a 1
|e BOA001
|j MZK50
|s P
|
| 996 |
7 |
|
|b 2610141708
|c 2-1084.079
|l MZK
|r Sklad / do 1 hodiny
|n 15
|p kup
|w 000557678
|u 000020
|a 1
|e BOA001
|j MZK50
|s A
|
| 996 |
7 |
|
|b 2610142842
|c 2-1084.079
|l MZK
|r Sklad / do 1 hodiny
|n 9
|p kup
|w 000557678
|u 000030
|a 1
|e BOA001
|j MZK50
|s A
|